[Event "Ifjusagi csapatbajnoksag"]
[Site "Budapest"]
[Date "2015.08.26"]
[Round "1.33"]
[White "Pogany, Zsombor"]
[Black "Czupor, Attila"]
[Result "0-1"]
[WhiteElo "1556"]
[BlackElo "2125"]
[PlyCount "106"]
[EventDate "2015.??.??"]

1. e4 e5 2. Nf3 Nc6 3. Nc3 Nf6 4. Bc4 h6 5. d3 d6 6. h3 g6 7. Be3 Bg7 8. Qd2
Nd7 9. Nd5 Nb6 10. Nxb6 axb6 11. c3 Qe7 12. b4 Be6 13. Bxe6 Qxe6 14. a4 f5 15.
b5 Ne7 16. Qa2 d5 17. exd5 Nxd5 18. d4 exd4 19. Nxd4 Bxd4 20. cxd4 f4 21. O-O
fxe3 22. Rfe1 O-O 23. Rxe3 Qf7 24. Re5 Nf6 25. Qc2 Rad8 26. Rae1 Rfe8 27. Rxe8+
Rxe8 28. Re3 Rxe3 29. fxe3 Kg7 30. e4 Qd7 31. Qd3 Qe6 32. e5 Nd5 33. Qb3 g5 34.
Kh1 Nf4 35. Qc3 c6 36. bxc6 bxc6 37. Qb4 c5 38. dxc5 Qd5 39. Qb2 bxc5 40. a5 c4
41. a6 c3 42. Qb7+ Kg6 43. Qb6+ Qe6 44. Qb7 c2 45. Qe4+ Qf5 46. Qc6+ Ne6 47. a7
Qf1+ 48. Kh2 Qf4+ 49. g3 Qd2+ 50. Qg2 Qxg2+ 51. Kxg2 Nc7 52. e6 c1=Q 53. e7
Qc6+ 0-1

[Event "Ifjusagi csapatbajnoksag"]
[Site "Budapest"]
[Date "2015.08.26"]
[Round "1.34"]
[White "Varga, Melinda"]
[Black "Szemelyi, Balazs"]
[Result "1-0"]
[WhiteElo "2135"]
[BlackElo "1536"]
[PlyCount "60"]
[EventDate "2015.??.??"]

1. Nf3 d5 2. g3 Nf6 3. Bg2 e6 4. c4 c6 5. Qc2 Nbd7 6. d4 Bb4+ 7. Nbd2 O-O 8.
O-O Re8 9. a3 Bd6 10. e4 dxe4 11. Nxe4 Nxe4 12. Qxe4 e5 13. dxe5 Nxe5 14. Ng5
Ng6 15. Qc2 Qa5 16. Be4 Be5 17. Bd2 Qc5 18. Be3 Qe7 19. Bd3 Bf6 20. h4 Bg4 21.
Ne4 Bf3 22. Nd2 Bg4 23. Rfe1 Qc7 24. Ne4 Be5 25. f4 Bd6 26. Nf2 Bf3 27. c5 Be7
28. Bd4 Bxh4 29. Bxg6 hxg6 30. Be5 Qe7 1-0

[Event "Ifjusagi csapatbajnoksag"]
[Site "Budapest"]
[Date "2015.08.26"]
[Round "1.37"]
[White "Markoja, Boris"]
[Black "Mezei, Szilard"]
[Result "1-0"]
[WhiteElo "2310"]
[BlackElo "1756"]
[PlyCount "61"]
[EventDate "2015.??.??"]

1. c4 Nf6 2. g3 e6 3. Bg2 d5 4. Nf3 Bd6 5. O-O O-O 6. b3 Nbd7 7. Bb2 c6 8. d3
e5 9. cxd5 Nxd5 10. Nbd2 f6 11. d4 Re8 12. Nc4 Bc7 13. dxe5 Nxe5 14. Nfxe5 fxe5
15. e4 Nf6 16. Qxd8 Rxd8 17. Bxe5 Bxe5 18. Nxe5 Re8 19. f4 Ng4 20. Nxg4 Bxg4
21. h3 Be6 22. e5 Rad8 23. Rad1 Rxd1 24. Rxd1 Re7 25. g4 Rd7 26. Rxd7 Bxd7 27.
Kf2 Kf8 28. Ke3 Ke7 29. f5 b6 30. Kf4 Be8 31. g5 1-0

[Event "Ifjusagi csapatbajnoksag"]
[Site "Budapest"]
[Date "2015.08.26"]
[Round "1.38"]
[White "Laszlo, Debora"]
[Black "Zsirai, Peter"]
[Result "0-1"]
[WhiteElo "1652"]
[BlackElo "2270"]
[PlyCount "52"]
[EventDate "2015.??.??"]

1. d4 d6 2. e3 e5 3. dxe5 dxe5 4. Qxd8+ Kxd8 5. Bc4 f6 6. Nf3 c6 7. Bd2 Bf5 8.
Bd3 Be6 9. Nc3 Nd7 10. e4 Kc7 11. O-O-O Bc5 12. Rhf1 Ne7 13. Nh4 g6 14. Na4 Bd6
15. g3 Bxa2 16. b3 Ba3+ 17. Nb2 a5 18. Bc3 b5 19. f4 a4 20. bxa4 b4 21. Be1 Nc5
22. fxe5 fxe5 23. Nf3 Nxa4 24. Kd2 Bxb2 25. Ke2 Nc3+ 26. Bxc3 Bxc3 0-1

[Event "Ifjusagi csapatbajnoksag"]
[Site "Budapest"]
[Date "2015.08.26"]
[Round "1.39"]
[White "Krstulovic, Alex"]
[Black "Csajbok, Levente Tamas"]
[Result "1-0"]
[WhiteElo "2119"]
[BlackElo "1655"]
[PlyCount "59"]
[EventDate "2015.??.??"]

1. d4 Nf6 2. c4 g6 3. Nc3 d5 4. cxd5 Nxd5 5. e4 Nxc3 6. bxc3 Bg7 7. Be3 c5 8.
Qd2 cxd4 9. cxd4 O-O 10. Rc1 b6 11. Nf3 Bb7 12. Bd3 Nd7 13. d5 Ne5 14. Nxe5
Bxe5 15. Bh6 Re8 16. Bb5 Rf8 17. Bxf8 Qxf8 18. O-O Rd8 19. Qg5 Bf6 20. Qg3 Qg7
21. Qc7 Rf8 22. Qxb7 Qh6 23. Rc8 Be5 24. Rxf8+ Kxf8 25. Qc8+ Kg7 26. g3 Qd2 27.
Qc4 h5 28. Qe2 Qc3 29. Qe3 Qb2 30. Bc4 1-0

[Event "Ifjusagi csapatbajnoksag"]
[Site "Budapest"]
[Date "2015.08.26"]
[Round "1.40"]
[White "Katona, Eniko"]
[Black "Felde, Bence"]
[Result "1/2-1/2"]
[WhiteElo "1506"]
[BlackElo "1930"]
[PlyCount "53"]
[EventDate "2015.??.??"]

1. e4 e6 2. Nf3 d5 3. exd5 exd5 4. d4 Bd6 5. Nc3 c6 6. Bd3 Ne7 7. O-O O-O 8. h3
Bf5 9. Re1 Bxd3 10. Qxd3 Ng6 11. a3 Nd7 12. b3 Qc7 13. Ne2 Nf6 14. c4 Rfe8 15.
Bb2 Rad8 16. c5 Bf8 17. g3 Ne4 18. Kg2 f5 19. Bc1 Qf7 20. Nf4 Qf6 21. Nxg6 Qxg6
22. Bf4 Qh5 23. Ne5 g5 24. g4 Qh6 25. Bh2 f4 26. f3 Nf6 27. Qf5 1/2-1/2

[Event "Ifjusagi csapatbajnoksag"]
[Site "Budapest"]
[Date "2015.08.26"]
[Round "1.41"]
[White "Varga, Richard"]
[Black "Radics, Nora"]
[Result "1-0"]
[WhiteElo "1941"]
[BlackElo "1485"]
[PlyCount "51"]
[EventDate "2015.??.??"]

1. e4 e5 2. Nf3 Nf6 3. Nxe5 d6 4. Nf3 Nxe4 5. Nc3 Nf6 6. d4 d5 7. Ne5 c6 8. Bf4
Bd6 9. Bd3 O-O 10. O-O Bc7 11. Re1 Nbd7 12. Qf3 Re8 13. h3 Nf8 14. Bg5 N8d7 15.
Ng4 Rxe1+ 16. Rxe1 Ba5 17. Nxf6+ Nxf6 18. Bxf6 gxf6 19. Qh5 f5 20. Re3 Bc7 21.
Ne2 Be6 22. Ng3 f4 23. Qxh7+ Kf8 24. Nf5 Ke8 25. Ng7+ Kd7 26. Nxe6 1-0

[Event "Ifjusagi csapatbajnoksag"]
[Site "Budapest"]
[Date "2015.08.26"]
[Round "1.43"]
[White "Takacs, Kevin"]
[Black "Pribelszky, Bence"]
[Result "1/2-1/2"]
[WhiteElo "2020"]
[BlackElo "2176"]
[PlyCount "88"]
[EventDate "2015.??.??"]

1. d4 Nf6 2. c4 e6 3. Nc3 Bb4 4. Nf3 Nc6 5. e3 d6 6. Qc2 e5 7. Be2 O-O 8. O-O
Bg4 9. Rd1 Bxc3 10. bxc3 Qe7 11. Ba3 b6 12. Ne1 e4 13. Bxg4 Nxg4 14. h3 Nf6 15.
Qa4 Qd7 16. c5 bxc5 17. dxc5 d5 18. c4 Qe6 19. cxd5 Nxd5 20. Qc4 Rfd8 21. Rac1
f5 22. Rd2 Ne5 23. Qd4 Rd7 24. Bb2 Nf6 25. Qc3 Rxd2 26. Qxd2 Qxa2 27. Qb4 Nc6
28. Qb7 Rb8 29. Qxc6 Qxb2 30. Qe6+ Kh8 31. Rd1 Qe2 32. Ra1 Rb2 33. Qxf5 h6 34.
c6 a5 35. Qc8+ Ng8 36. Qxc7 Qxf2+ 37. Kh2 Qxe3 38. Qxa5 Qf4+ 39. Kg1 Rf2 40.
Qa6 Rd2 41. Qc4 Qf2+ 42. Kh2 Qf4+ 43. Kg1 Qf2+ 44. Kh1 Re2 1/2-1/2

[Event "Ifjusagi csapatbajnoksag"]
[Site "Budapest"]
[Date "2015.08.26"]
[Round "1.44"]
[White "Kassay, Krisztian"]
[Black "Bedecs, Marton"]
[Result "1-0"]
[WhiteElo "2153"]
[BlackElo "1806"]
[PlyCount "95"]
[EventDate "2015.??.??"]

1. e4 c5 2. Nf3 Nc6 3. d4 cxd4 4. Nxd4 Nf6 5. Nc3 e5 6. Ndb5 d6 7. Bg5 a6 8.
Na3 b5 9. Nd5 Be7 10. Bxf6 gxf6 11. c4 bxc4 12. Nxc4 Rb8 13. Qa4 Bd7 14. Qxa6
Nd4 15. Nxd6+ Kf8 16. Bd3 Be6 17. Nxe7 Kxe7 18. Nf5+ Bxf5 19. exf5 Qd5 20. Qa7+
Rb7 21. Qa3+ Kd7 22. O-O Rg8 23. f3 Rc7 24. Be4 Qc4 25. Bd3 Qd5 26. Kh1 h5 27.
Qa6 Ke7 28. Be4 Qc5 29. f4 h4 30. fxe5 fxe5 31. f6+ Ke8 32. Qa4+ Kd8 33. Bf5
Nxf5 34. Rxf5 Qc1+ 35. Rf1 Qc6 36. Qd1+ Rd7 37. Qe2 Rd4 38. Rac1 Qd5 39. Rfd1
h3 40. Rxd4 Qxd4 41. g3 Qd5+ 42. Kg1 Qd4+ 43. Kf1 Ke8 44. Rc8+ Kd7 45. Rxg8 Qd5
46. Qg4+ Kc7 47. Qc8+ Kb6 48. Qd8+ 1-0

[Event "Ifjusagi csapatbajnoksag"]
[Site "Budapest"]
[Date "2015.08.26"]
[Round "1.45"]
[White "Toth, Viktor"]
[Black "Vanczak, Tamas"]
[Result "0-1"]
[WhiteElo "1455"]
[BlackElo "2071"]
[PlyCount "74"]
[EventDate "2015.??.??"]

1. e4 c5 2. Nf3 d6 3. d4 cxd4 4. Nxd4 Nf6 5. Nc3 a6 6. Bc4 e6 7. Bb3 b5 8. f3
Be7 9. Be3 O-O 10. O-O Qc7 11. Qd3 Nbd7 12. Nce2 Nc5 13. Qc3 e5 14. Nf5 Bxf5
15. exf5 d5 16. Bg5 d4 17. Qd2 Rad8 18. Ng3 a5 19. c3 a4 20. Bd1 Qb6 21. Kh1
dxc3 22. Qxc3 Nd5 23. Qc1 Nd3 24. Qd2 Bxg5 25. Qxg5 f6 26. Qd2 Ne3 27. Bc2 Nxf1
28. Rxf1 Qd4 29. b3 Nb4 30. Qxd4 Rxd4 31. Be4 Nxa2 32. bxa4 bxa4 33. h3 Nc3 34.
Bc2 Rd2 35. Rc1 Na2 36. Ne4 Nxc1 37. Nxd2 a3 0-1

[Event "Ifjusagi csapatbajnoksag"]
[Site "Budapest"]
[Date "2015.08.26"]
[Round "1.46"]
[White "Kassay, Lilla"]
[Black "Novak, Levente Peter"]
[Result "1-0"]
[WhiteElo "2017"]
[BlackElo "1428"]
[PlyCount "65"]
[EventDate "2015.??.??"]

1. e4 c5 2. Nf3 d6 3. d4 cxd4 4. Nxd4 Nf6 5. Nc3 g6 6. f3 Bg7 7. Be3 Nc6 8. Bc4
O-O 9. Qd2 Bd7 10. O-O-O Rc8 11. Bb3 Ne5 12. h4 h5 13. Bh6 Nc4 14. Bxc4 Rxc4
15. Bxg7 Kxg7 16. Nb3 Qc7 17. Kb1 Rc8 18. g4 hxg4 19. h5 Rg8 20. hxg6 fxg6 21.
fxg4 Bxg4 22. Rdf1 Bh5 23. Qg5 Rxc3 24. bxc3 Nxe4 25. Qf4 Nf6 26. Rh3 Qc8 27.
Re3 Qd7 28. Qd4 a6 29. Kb2 Rf8 30. c4 Bg4 31. c5 Kf7 32. cxd6 Qxd6 33. Qxg4 1-0

[Event "Ifjusagi csapatbajnoksag"]
[Site "Budapest"]
[Date "2015.08.26"]
[Round "1.47"]
[White "Lakatos, Tamas"]
[Black "Papp, Levente"]
[Result "0-1"]
[WhiteElo "1533"]
[BlackElo "1944"]
[PlyCount "58"]
[EventDate "2015.??.??"]

1. e4 e6 2. d4 d5 3. Nc3 Bb4 4. e5 Ne7 5. Nf3 b6 6. a3 Bxc3+ 7. bxc3 c5 8. Be2
Ba6 9. Rb1 Qc8 10. Be3 cxd4 11. cxd4 Bxe2 12. Kxe2 Nbc6 13. Qd3 Qd7 14. Rhc1
Na5 15. Nd2 Rc8 16. g3 Nc4 17. Nxc4 Rxc4 18. Rb3 Qc6 19. Kd1 Kd7 20. Kd2 Qa4
21. h3 Nf5 22. Rb4 Rxb4 23. axb4 Qxb4+ 24. c3 Qc4 25. Qxc4 dxc4 26. Ra1 Ra8 27.
Ra4 b5 28. Ra5 a6 29. Kc2 Ne7 0-1

[Event "Ifjusagi csapatbajnoksag"]
[Site "Budapest"]
[Date "2015.08.27"]
[Round "2.1"]
[White "Antal, Tibor Kende"]
[Black "Farkas, Richard"]
[Result "1/2-1/2"]
[WhiteElo "2351"]
[BlackElo "2267"]
[PlyCount "105"]
[EventDate "2015.??.??"]

1. Nf3 d5 2. g3 Bg4 3. Bg2 Nd7 4. d4 e6 5. O-O Ngf6 6. c4 c6 7. b3 a5 8. Nc3
Be7 9. Bb2 Qb8 10. h3 Bh5 11. g4 Bg6 12. cxd5 exd5 13. Ne5 Bb4 14. a3 Bxc3 15.
Bxc3 Ne4 16. Be1 Nxe5 17. dxe5 h5 18. f3 hxg4 19. fxe4 gxh3 20. Bf3 dxe4 21.
Bg4 Qxe5 22. Qd7+ Kf8 23. Rd1 h2+ 24. Kh1 Kg8 25. e3 Rf8 26. Rf4 Qc5 27. Qd4
Qxa3 28. Bc3 Rh7 29. Bf5 Bxf5 30. Rxf5 Qxb3 31. Rdf1 b6 32. Rxf7 Qxf7 33. Rxf7
Rxf7 34. Qd1 Rh3 35. Be5 Rxe3 36. Kxh2 Rd3 37. Qe2 Rd5 38. Ba1 Re7 39. Qe3 Re6
40. Kg2 Rg6+ 41. Kf2 Rf5+ 42. Ke1 Rc5 43. Bd4 Rcg5 44. Qxe4 c5 45. Be3 Rg2 46.
Kf1 R6g4 47. Qe6+ Kh7 48. Qxb6 a4 49. Qxc5 Rg6 50. Qh5+ Kg8 51. Qd5+ Kh7 52.
Qxg2 Rxg2 53. Kxg2 1/2-1/2

[Event "Ifjusagi csapatbajnoksag"]
[Site "Budapest"]
[Date "2015.08.27"]
[Round "2.2"]
[White "Marjanovics, Annamaria"]
[Black "Kaczur, Florian"]
[Result "0-1"]
[WhiteElo "2234"]
[BlackElo "2345"]
[PlyCount "134"]
[EventDate "2015.??.??"]

1. d4 Nf6 2. Bg5 d5 3. Bxf6 exf6 4. Nc3 c6 5. e3 Qb6 6. Qc1 Bd6 7. Nge2 f5 8.
g3 Nd7 9. Bg2 h5 10. h4 Nf6 11. a3 O-O 12. b4 a5 13. b5 Be6 14. Rb1 Qc7 15. a4
c5 16. Rb3 b6 17. O-O Rac8 18. Rd1 Qe7 19. dxc5 Rxc5 20. Nd4 Ne4 21. Nce2 Rc4
22. Nc6 Qf6 23. Rd4 g5 24. hxg5 Qxg5 25. Rxc4 dxc4 26. Rb1 h4 27. Qe1 hxg3 28.
f4 Qh6 29. Nxg3 Bc5 30. Nxe4 fxe4 31. Qg3+ Qg6 32. Kf2 Qxg3+ 33. Kxg3 Bxe3 34.
Bxe4 Kg7 35. Kf3 Bc5 36. f5 Bc8 37. Ne5 Kf6 38. Nxc4 Rh8 39. Kg4 Bf2 40. Kf3
Bc5 41. Kg4 Rd8 42. c3 Re8 43. Bd3 Bb7 44. Kf4 Rh8 45. Kg3 Rd8 46. Bc2 Bd5 47.
Nd2 Be3 48. Ne4+ Kxf5 49. Nf2+ Kg5 50. Ne4+ Bxe4 51. Bxe4 f5 52. Bc2 Rd2 53.
Bb3 Bf2+ 54. Kf3 Bc5 55. Rf1 Rd3+ 56. Ke2 Rxc3 57. Rf3 Rc1 58. Bd1 Ra1 59. Bc2
f4 60. Bd1 Kf5 61. Bc2+ Kg4 62. Rf1 Ra2 63. Kd3 Kg3 64. Bd1 Ra3+ 65. Ke4 Re3+
66. Kf5 f3 67. Bc2 Kg2 0-1

[Event "Ifjusagi csapatbajnoksag"]
[Site "Budapest"]
[Date "2015.08.27"]
[Round "2.3"]
[White "Dankhazi, Andras"]
[Black "Urhegyi, Marton"]
[Result "0-1"]
[WhiteElo "2232"]
[BlackElo "2156"]
[PlyCount "52"]
[EventDate "2015.??.??"]

1. d4 d5 2. c4 c6 3. e3 Nf6 4. Nc3 a6 5. Nf3 b5 6. c5 g6 7. Ne5 Bg7 8. Be2 O-O
9. O-O Nfd7 10. f4 f6 11. Nxd7 Qxd7 12. g4 e5 13. f5 gxf5 14. gxf5 Kh8 15. Qe1
Rg8 16. Kh1 Bh6 17. Qh4 Qg7 18. Qf2 Bxf5 19. e4 Bh3 20. Bxh6 Bg2+ 21. Kg1 Qxh6
22. Qxf6+ Qxf6 23. Rxf6 exd4 24. Nd1 Nd7 25. Rxc6 Raf8 26. Nf2 Bh3+ 0-1

[Event "Ifjusagi csapatbajnoksag"]
[Site "Budapest"]
[Date "2015.08.27"]
[Round "2.4"]
[White "Polyik, Peter"]
[Black "Benedeczky, Lehel"]
[Result "1-0"]
[WhiteElo "2178"]
[BlackElo "2111"]
[PlyCount "83"]
[EventDate "2015.??.??"]

1. d4 d5 2. c4 c6 3. Nf3 Nf6 4. Nc3 e6 5. Bg5 Nbd7 6. cxd5 exd5 7. e3 Be7 8.
Bd3 Ne4 9. Bxe7 Qxe7 10. O-O O-O 11. Qc2 Re8 12. b4 a6 13. a4 Ndf6 14. b5 cxb5
15. axb5 Bd7 16. Bxe4 dxe4 17. Ne5 Bxb5 18. Nxb5 axb5 19. Qb3 Nd7 20. Nxd7 Qxd7
21. Rab1 Ra5 22. Rfc1 Rc8 23. Qd5 Rxc1+ 24. Rxc1 Qe8 25. Qxe4 Qa8 26. g3 g6 27.
d5 b6 28. Qd4 Ra4 29. Qd3 Qd8 30. d6 Ra7 31. e4 Qd7 32. e5 Kg7 33. Qd4 Qe6 34.
Rc7 Rxc7 35. dxc7 Qc6 36. e6+ Kh6 37. Qf4+ Kg7 38. exf7 Kf8 39. h4 b4 40. Qh6+
Kxf7 41. Qxh7+ Kf6 42. Qh8+ 1-0

[Event "Ifjusagi csapatbajnoksag"]
[Site "Budapest"]
[Date "2015.08.27"]
[Round "2.5"]
[White "Gal, Hanna Krisztina"]
[Black "Kiss, Peter"]
[Result "1-0"]
[WhiteElo "2084"]
[BlackElo "1966"]
[PlyCount "45"]
[EventDate "2015.??.??"]

1. e4 g6 2. d4 Bg7 3. Nc3 d6 4. f4 c6 5. Nf3 Bg4 6. Be3 Qb6 7. Qd2 Bxf3 8. gxf3
Nd7 9. Bh3 e6 10. O-O-O d5 11. f5 gxf5 12. exf5 Nf8 13. Rhg1 Bf6 14. Bg5 Qd8
15. fxe6 fxe6 16. Rde1 Qd6 17. Bxf6 Nxf6 18. Qh6 N6d7 19. Bxe6 O-O-O 20. Bxd7+
Qxd7 21. Rg7 Qf5 22. Ree7 Nd7 23. Ref7 1-0

[Event "Ifjusagi csapatbajnoksag"]
[Site "Budapest"]
[Date "2015.08.27"]
[Round "2.6"]
[White "Karacsonyi, Gellert"]
[Black "Losonczi, Marcell"]
[Result "1/2-1/2"]
[WhiteElo "2013"]
[BlackElo "1732"]
[PlyCount "140"]
[EventDate "2015.??.??"]

1. e4 c5 2. Nf3 d6 3. d4 cxd4 4. Nxd4 Nf6 5. Nc3 a6 6. Bc4 e6 7. Bb3 Nbd7 8. f4
Nc5 9. O-O Nfxe4 10. Nxe4 Nxe4 11. f5 e5 12. Qh5 d5 13. Re1 Bc5 14. Rxe4 Bxd4+
15. Rxd4 Qb6 16. c3 exd4 17. Qe2+ Kd8 18. Qe5 Re8 19. Qxd5+ Bd7 20. cxd4 Qb5
21. Qxb5 Bxb5 22. Bd2 Re2 23. Bc3 Bd3 24. Bd1 Re8 25. g4 Be2 26. Bxe2 Rxe2 27.
Re1 Rxe1+ 28. Bxe1 Rc8 29. Bc3 b5 30. a3 Kd7 31. Kf2 Kd6 32. Kf3 Kd5 33. Kf4
Rc4 34. g5 Ra4 35. Bb4 a5 36. Bc5 g6 37. b3 Rxd4+ 38. Bxd4 Kxd4 39. f6 b4 40.
axb4 axb4 41. h4 Kc3 42. Ke5 Kxb3 43. Kd6 Ka2 44. Ke7 b3 45. Kxf7 b2 46. Kg7
b1=Q 47. Kxh7 Qe4 48. Kg8 Qxh4 49. f7 Qc4 50. Kg7 Qd4+ 51. Kg8 Qd5 52. Kg7 Qe5+
53. Kh7 Qe7 54. Kg8 Qxg5 55. f8=Q Qf5 56. Qa8+ Kb3 57. Qb7+ Kc4 58. Qc6+ Kd4
59. Qb6+ Ke5 60. Qc5+ Kf6 61. Qf8+ Kg5 62. Qe7+ Qf6 63. Qe3+ Qf4 64. Qe7+ Kh6
65. Qg7+ Kg5 66. Qe7+ Kh6 67. Qg7+ Kh5 68. Qh7+ Kg5 69. Qe7+ Qf6 70. Qe3+ Qf4
1/2-1/2

[Event "Ifjusagi csapatbajnoksag"]
[Site "Budapest"]
[Date "2015.08.27"]
[Round "2.7"]
[White "Buzas, Bertalan"]
[Black "Ngo Tan, Don"]
[Result "1/2-1/2"]
[WhiteElo "2041"]
[BlackElo "2309"]
[PlyCount "56"]
[EventDate "2015.??.??"]

1. d4 d5 2. c4 e6 3. cxd5 exd5 4. Nc3 Nf6 5. Bg5 Be7 6. Qc2 O-O 7. e3 b6 8. Bd3
h6 9. Bh4 Bb7 10. Nf3 Ne4 11. Bxe7 Qxe7 12. Ne5 Nxc3 13. bxc3 Nd7 14. Nxd7 Qxd7
15. O-O c5 16. a4 Qc7 17. Qb2 f5 18. a5 f4 19. axb6 axb6 20. Rxa8 Bxa8 21. exf4
Rxf4 22. Rb1 Rf6 23. Re1 Bc6 24. Bb1 Bd7 25. Qa2 Be6 26. Qa8+ Qc8 27. Qxc8+
Bxc8 28. Re8+ Rf8 1/2-1/2

[Event "Ifjusagi csapatbajnoksag"]
[Site "Budapest"]
[Date "2015.08.27"]
[Round "2.8"]
[White "Grimm, Gyorgy"]
[Black "Toth, Kristof Istvan"]
[Result "1-0"]
[WhiteElo "2181"]
[BlackElo "1974"]
[PlyCount "79"]
[EventDate "2015.??.??"]

1. e4 c5 2. Nf3 d6 3. d4 cxd4 4. Nxd4 Nf6 5. Nc3 g6 6. Be3 Bg7 7. f3 O-O 8. Qd2
Nc6 9. g4 Bd7 10. O-O-O Rc8 11. h4 Ne5 12. h5 Qa5 13. Kb1 Nc4 14. Bxc4 Rxc4 15.
Nb3 Qc7 16. Bh6 Bxh6 17. Qxh6 Rxc3 18. bxc3 Qxc3 19. Rd3 Qe5 20. Qd2 Rc8 21.
Qh2 Qxh2 22. Rxh2 Bb5 23. Re3 Bc4 24. Kb2 b5 25. Re1 Nd7 26. g5 b4 27. Reh1 Nf8
28. f4 d5 29. e5 Bb5 30. Nd4 Bd7 31. e6 fxe6 32. hxg6 hxg6 33. Nf3 Rc3 34. Ne5
Be8 35. Rh8+ Kg7 36. Rxf8 Kxf8 37. Rh8+ Kg7 38. Rxe8 Rc7 39. Rd8 Rb7 40. Rd7
1-0

[Event "Ifjusagi csapatbajnoksag"]
[Site "Budapest"]
[Date "2015.08.27"]
[Round "2.9"]
[White "Acs, Marton"]
[Black "Medve, Mark"]
[Result "1/2-1/2"]
[WhiteElo "2006"]
[BlackElo "2088"]
[PlyCount "129"]
[EventDate "2015.??.??"]

1. d4 d5 2. Nf3 Nf6 3. g3 c6 4. Bg2 Bg4 5. O-O e6 6. c4 Nbd7 7. b3 Qb6 8. Nbd2
Be7 9. Bb2 O-O 10. Ne5 Nxe5 11. dxe5 Nd7 12. h3 Bh5 13. g4 Bg6 14. e4 dxe4 15.
Nxe4 Nc5 16. Qe2 Rad8 17. Ba3 Bxe4 18. Bxc5 Bxc5 19. Bxe4 g6 20. Rad1 Rxd1 21.
Rxd1 Bd4 22. Bb1 Qc5 23. Kg2 Qxe5 24. Qxe5 Bxe5 25. Rd7 Rb8 26. Kf3 Kf8 27. Ke4
Bf6 28. f3 Ke8 29. Rd1 c5 30. Ke3 Bd4+ 31. Ke2 Ke7 32. Bc2 h6 33. Bb1 f5 34. f4
Kf6 35. Kf3 g5 36. gxf5 exf5 37. Re1 a6 38. a4 Bc3 39. Re2 Rd8 40. Bc2 b6 41.
Kg3 Bd2 42. fxg5+ hxg5 43. Kf3 Bc3 44. Kg2 Bd4 45. Re1 Rh8 46. Rf1 f4 47. Re1
Rb8 48. Bd3 Be3 49. Re2 Rd8 50. Bc2 Ke5 51. Kf3 Kd4 52. Re1 Kc3 53. Re2 Rd2 54.
Rxd2 Kxd2 55. Be4 Kc3 56. Bb7 a5 57. Bc6 Kxb3 58. Bb5 Kc3 59. Ba6 Kd4 60. Bb5
Kd3 61. Ba6 Kd2 62. Bb5 Ke1 63. Bd7 Kf1 64. Be6 Ke1 65. Bd7 1/2-1/2

[Event "Ifjusagi csapatbajnoksag"]
[Site "Budapest"]
[Date "2015.08.27"]
[Round "2.11"]
[White "Erseki, Tamara"]
[Black "Egyed, Judit"]
[Result "0-1"]
[WhiteElo "1883"]
[BlackElo "1981"]
[PlyCount "96"]
[EventDate "2015.??.??"]

1. e4 c5 2. Nf3 d6 3. d4 cxd4 4. Nxd4 Nf6 5. Nc3 a6 6. Bc4 e6 7. Bb3 Be7 8. Be3
Qc7 9. g4 h6 10. f3 Bd7 11. Qd2 Nc6 12. O-O-O O-O-O 13. Qf2 Ne5 14. Nf5 exf5
15. Bb6 Qb8 16. Bxd8 Rxd8 17. gxf5 g6 18. f4 Nc6 19. fxg6 fxg6 20. Nd5 Nxd5 21.
exd5 Na7 22. Rd4 b5 23. Re1 Bf6 24. Rde4 Kb7 25. Qd2 Nc8 26. a4 Qc7 27. axb5
axb5 28. Kb1 Nb6 29. Rc1 Ra8 30. Ba2 Qb8 31. Qe3 Qa7 32. Qb3 Na4 33. Rb4 Nxb2
34. Rxb5+ Bxb5 35. Qxb5+ Qb6 36. Qd7+ Ka6 37. Bb3 Nc4 38. Rd1 Na3+ 39. Kc1 Nb5
40. Re1 Rd8 41. Qe6 Qd4 42. Re4 Qa1+ 43. Kd2 Bc3+ 44. Ke3 Bd4+ 45. Kf3 Qf1+ 46.
Kg3 Qf2+ 47. Kh3 Qf3+ 48. Kh4 Bf2# 0-1

[Event "Ifjusagi csapatbajnoksag"]
[Site "Budapest"]
[Date "2015.08.27"]
[Round "2.13"]
[White "Retkes, Peter"]
[Black "Markoja, Boris"]
[Result "1/2-1/2"]
[WhiteElo "1944"]
[BlackElo "2310"]
[PlyCount "65"]
[EventDate "2015.??.??"]

1. e4 e6 2. d4 d5 3. Be3 dxe4 4. Nd2 Nf6 5. f3 Nd5 6. Qe2 Nc6 7. c3 Be7 8. fxe4
Nxe3 9. Qxe3 Bg5 10. Qf2 e5 11. d5 Ne7 12. Ngf3 Bf6 13. Bb5+ c6 14. dxc6 bxc6
15. Bc4 Ng6 16. g3 O-O 17. O-O Be7 18. b4 a5 19. a3 Kh8 20. Qe3 Qc7 21. Nb3 Bh3
22. Rfe1 axb4 23. axb4 Rxa1 24. Rxa1 Bg4 25. Ng5 Bxg5 26. Qxg5 Bh3 27. Rd1 h6
28. Qd2 Qe7 29. Bf1 Bg4 30. Be2 Bh3 31. Bf1 Bg4 32. Be2 Bh3 33. Bf1 1/2-1/2

[Event "Ifjusagi csapatbajnoksag"]
[Site "Budapest"]
[Date "2015.08.27"]
[Round "2.14"]
[White "Zsirai, Peter"]
[Black "Czumbel, Peter"]
[Result "1-0"]
[WhiteElo "2270"]
[BlackElo "1961"]
[PlyCount "35"]
[EventDate "2015.??.??"]

1. e4 c5 2. Nf3 Nc6 3. Nc3 d6 4. d4 cxd4 5. Nxd4 e5 6. Ndb5 Nf6 7. Bg5 a6 8.
Na3 b5 9. Nd5 Be7 10. Bxf6 gxf6 11. c3 f5 12. exf5 Bxf5 13. Nc2 O-O 14. Nce3
Bg6 15. a4 Rb8 16. axb5 axb5 17. Ra6 Qc8 18. Rxc6 1-0

[Event "Ifjusagi csapatbajnoksag"]
[Site "Budapest"]
[Date "2015.08.27"]
[Round "2.15"]
[White "Kaloczi, Kristof"]
[Black "Krstulovic, Alex"]
[Result "0-1"]
[WhiteElo "1848"]
[BlackElo "2119"]
[PlyCount "68"]
[EventDate "2015.??.??"]

1. d4 d5 2. Nf3 Nf6 3. Bg5 Ne4 4. Bf4 c5 5. dxc5 e6 6. Nbd2 Nxd2 7. Qxd2 Nc6 8.
e3 Bxc5 9. c3 Qe7 10. Ne5 f6 11. Nxc6 bxc6 12. Be2 O-O 13. O-O e5 14. Bg3 Be6
15. Rad1 Rad8 16. Qc2 Bd6 17. f4 e4 18. Bf2 f5 19. Kh1 Bc7 20. Rg1 c5 21. g4
fxg4 22. Bxg4 Bxg4 23. Rxg4 Qe6 24. Rdg1 g6 25. Qe2 Rf5 26. Rg5 Rdf8 27. Qh5
Rxg5 28. Rxg5 d4 29. cxd4 cxd4 30. exd4 e3 31. Bxe3 Qe4+ 32. Kg1 Qxe3+ 33. Kg2
Qe4+ 34. Kg1 Bxf4 0-1

[Event "Ifjusagi csapatbajnoksag"]
[Site "Budapest"]
[Date "2015.08.27"]
[Round "2.16"]
[White "Felde, Bence"]
[Black "Geher, Koppany"]
[Result "1/2-1/2"]
[WhiteElo "1930"]
[BlackElo "1810"]
[PlyCount "51"]
[EventDate "2015.??.??"]

1. d4 Nf6 2. c4 g6 3. Nc3 d5 4. Bf4 c6 5. Nf3 Bg7 6. e3 Nbd7 7. Bd3 O-O 8. O-O
Nh5 9. Bg5 dxc4 10. Bxc4 Nb6 11. Bd3 Bf6 12. h3 Bxg5 13. Nxg5 e5 14. Nxh7 Re8
15. Qf3 f5 16. g4 e4 17. Nxe4 fxe4 18. Bxe4 Rxe4 19. Qxe4 Kxh7 20. gxh5 Qg5+
21. Kh2 Qxh5 22. Qe7+ Kg8 23. Qe8+ Kh7 24. Qf7+ Kh8 25. Qf8+ Kh7 26. Qf7+
1/2-1/2

[Event "Ifjusagi csapatbajnoksag"]
[Site "Budapest"]
[Date "2015.08.27"]
[Round "2.17"]
[White "Olle, Rebeka Sara"]
[Black "Varga, Richard"]
[Result "1-0"]
[WhiteElo "1813"]
[BlackElo "1941"]
[PlyCount "64"]
[EventDate "2015.??.??"]

1. e4 c5 2. Nc3 Nc6 3. f4 g6 4. Nf3 Bg7 5. Bc4 e6 6. f5 Nge7 7. fxe6 fxe6 8. d3
O-O 9. O-O a6 10. a4 Nd4 11. Bg5 h6 12. Bh4 g5 13. Bg3 Ng6 14. Nxd4 Bxd4+ 15.
Kh1 Rxf1+ 16. Qxf1 Qe7 17. Qe2 b6 18. Nd5 Qd8 19. Bc7 Qe8 20. c3 Be5 21. Bxe5
exd5 22. Bxd5+ Kh7 23. Bxa8 Qxe5 24. Qf3 Kg7 25. Rf1 Qe7 26. d4 d6 27. Bd5 Be6
28. Bxe6 Qxe6 29. d5 Qe7 30. Qf5 Ne5 31. Qc8 Ng6 32. Qe6 Qd8 1-0

[Event "Ifjusagi csapatbajnoksag"]
[Site "Budapest"]
[Date "2015.08.27"]
[Round "2.19"]
[White "Pribelszky, Bence"]
[Black "Csati, Oliver"]
[Result "0-1"]
[WhiteElo "2176"]
[BlackElo "2189"]
[PlyCount "66"]
[EventDate "2015.??.??"]

1. e4 g6 2. d4 Bg7 3. Nc3 d6 4. Be3 Nd7 5. f3 a5 6. Qd2 c6 7. h4 a4 8. h5 Qa5
9. hxg6 hxg6 10. Rxh8 Bxh8 11. O-O-O b5 12. Kb1 Nb6 13. Bd3 b4 14. Nce2 Be6 15.
Nf4 Nc4 16. Bxc4 Bxc4 17. Nge2 Nf6 18. Nc1 Nd7 19. Rh1 O-O-O 20. Nfd3 c5 21.
dxc5 dxc5 22. Nxc5 Nxc5 23. Rxh8 Rxh8 24. Qd4 Bxa2+ 25. Kxa2 Rh1 26. Qc4 Kb8
27. Qxf7 b3+ 28. Ka3 bxc2 29. Bf4+ Kb7 30. Qd5+ Ka6 31. Qc6+ Qb6 32. Qa8+ Kb5
33. Ne2 Ra1# 0-1